Culture and commitment; (Record no. 2192)

MARC details
000 -LEADER
fixed length control field 01116cam a2200301 4500
001 - CONTROL NUMBER
control field 1339351
003 - CONTROL NUMBER IDENTIFIER
control field GBCCL
005 - DATE AND TIME OF LATEST TRANSACTION
control field 20241126110422.0
008 - FIXED-LENGTH DATA ELEMENTS--GENERAL INFORMATION
fixed length control field 700202s1970 nyu b 000 0 eng
010 ## -
-- 79093204
040 ## - CATALOGING SOURCE
Original cataloging agency DLC
Transcribing agency DLC
Modifying agency DLC
050 00 -
-- HM101
-- .M38
082 00 - DEWEY DECIMAL CLASSIFICATION NUMBER
Classification number 306
-- 301.2
Item number MEA
100 1# - MAIN ENTRY--PERSONAL NAME
Personal name Mead, Margaret,
Dates associated with a name 1901-1978.
9 (RLIN) 4480
245 10 - TITLE STATEMENT
Title Culture and commitment;
Remainder of title a study of the generation gap.
250 ## - EDITION STATEMENT
Edition statement [1st ed.]
260 ## - PUBLICATION, DISTRIBUTION, ETC.
Place of publication, distribution, etc. Garden City, N.Y.,
Name of publisher, distributor, etc. Published for the American Museum of Natural History, Natural History Press,
Date of publication, distribution, etc. 1970.
300 ## - PHYSICAL DESCRIPTION
Extent xxvii, 113 p.
Dimensions 22 cm.
350 ## - PRICE (NR) (BK AM CF MU VM SE) [OBSOLETE]
Price 5.00
500 ## - GENERAL NOTE
General note "Originated from the Man and nature lectures delivered ... at the American Museum of Natural History in March 1969 in conjunction with the museum's centennial celebration."
504 ## - BIBLIOGRAPHY, ETC. NOTE
Bibliography, etc. note "Bibliographical note": p. [100]-102.
650 #0 - SUBJECT ADDED ENTRY--TOPICAL TERM
Topical term or geographic name entry element Culture.
9 (RLIN) 4481
650 #0 - SUBJECT ADDED ENTRY--TOPICAL TERM
Topical term or geographic name entry element Social change.
9 (RLIN) 4482
650 #0 - SUBJECT ADDED ENTRY--TOPICAL TERM
Topical term or geographic name entry element Conflict of generations.
9 (RLIN) 4483
710 2# - ADDED ENTRY--CORPORATE NAME
Corporate name or jurisdiction name as entry element American Museum of Natural History.
9 (RLIN) 4484
906 ## - LOCAL DATA ELEMENT F, LDF (RLIN)
a 7
b cbc
c orignew
d u
e ncip
f 19
g y-gencatlg
942 ## - ADDED ENTRY ELEMENTS (KOHA)
Source of classification or shelving scheme Dewey Decimal Classification
Koha item type Books
Holdings
Withdrawn status Lost status Source of classification or shelving scheme Damaged status Not for loan Home library Current Library Shelving location Date acquired Total checkouts Full call number Barcode Date last seen Copy number Price effective from Koha item type
    Dewey Decimal Classification     GRACE BIBLE COLLEGE GRACE BIBLE COLLEGE General Studies 2017-07-12   306 MEA 001089 2025-05-01 c.1 2017-07-12 Books
© Grace Bible College Library 2025